| 000 | 01358nam a22003371i 4500 | ||
|---|---|---|---|
| 001 | ebr10772234 | ||
| 003 | CaPaEBR | ||
| 006 | m o d | ||
| 007 | cr cn||||||||| | ||
| 008 | 130516s2012 enk o 000 0 eng d | ||
| 020 | _a9781849284295 (e-book) | ||
| 020 | _z9781849284288 | ||
| 040 |
_aCaPaEBR _beng _erda _epn _cCaPaEBR |
||
| 035 | _a(OCoLC)834071746 | ||
| 050 | 1 | 4 |
_aHD38.5 _b.K97 2012eb |
| 100 | 1 | _aKyriazoglou, John. | |
| 245 | 1 | 0 |
_aBusiness management controls : _ba guide / _cJohn Kyriazoglou. |
| 264 | 1 |
_aEly, Cambridgeshire : _bIT Governance Publishing, _c2012. |
|
| 300 | _a1 online resource (375 pages) | ||
| 336 |
_atext _2rdacontent |
||
| 337 |
_acomputer _2rdamedia |
||
| 338 |
_aonline resource _2rdacarrier |
||
| 588 | _aDescription based on online resource; title from PDF title page (ebrary, viewed October 18, 2013). | ||
| 590 | _aElectronic reproduction. Palo Alto, Calif. : ebrary, 2013. Available via World Wide Web. Access may be limited to ebrary affiliated libraries. | ||
| 650 | 0 |
_aBusiness enterprises _xInformation technology _xManagement. |
|
| 650 | 0 | _aBusiness logistics. | |
| 650 | 0 | _aIndustrial management. | |
| 655 | 0 | _aElectronic books. | |
| 797 | 2 | _aebrary. | |
| 856 | 4 | 0 |
_uhttp://site.ebrary.com/lib/rucke/Doc?id=10772234 _zAn electronic book accessible through the World Wide Web; click to view |
| 999 |
_c127464 _d127464 |
||